WWE Women’s Nicknames - Statistics

General Stats
  • This quiz has been taken 102 times
  • The average score is 12 of 18
Answer Stats
Hint Answer % Correct
The Man Becky Lynch
99%
The Empress Of Tomorrow Asuka
96%
The Queen Charlotte Flair
96%
The Role Model Bayley
92%
The Irresistible Force Nia Jax
88%
Five Feet Of Fury Alexa Bliss
86%
The EST Bianca Belair
85%
The Princess Of Staten Island Carmella
84%
The Pirate Princess Kairi Sane
84%
MAMI Rhea Ripley
84%
Genius Of The Sky IYO SKY
78%
The Submission Magician Shayna Baszler
61%
The B.O.A.T Natalya
58%
Twisted Sister Nikki Cross
53%
Big Mami Cool Raquel Rodriguez
34%
Captain Of Team Kick Dakota Kai
32%
The Smokeshow Scarlett
20%
Queen Of Extreme Liv Morgan
16%
No matching quizzes found
Score Distribution
Percent of People with Each Score
Percentile by Number Answered
Your Score History
You have not taken this quiz